00469cam a2200157ua 4500001000400000008003900004040000900043082001000052245007900062250000900141260003900150300002000189653002300209653005600232700002300288838110421n ii |||gr||||Z||||||eng cMAIN a320.51 aPrachya aru pashatyar nirbachita rajnaitik chintabid.cBy Jaigeswar Borah. a3rd. aJorhat.:bUnika prakashan.,c2005. a307 p.:c20 cm. aPolitical science. aPachya aru pachatyar nirbasita rajnaitik chintabid. aBorah, Jaigeswar.,